A First Year Engineering Drawing (Record no. 586666)

000 -LEADER
fixed length control field 00318nam a22001337a 4500
040 ## - CATALOGING SOURCE
Transcribing agency NUST
082 ## - DEWEY DECIMAL CLASSIFICATION NUMBER
Classification number 604.2 PAR
100 ## - MAIN ENTRY--PERSONAL NAME
Personal name Parkinson, A.C
9 (RLIN) 40152
245 ## - TITLE STATEMENT
Title A First Year Engineering Drawing
250 ## - EDITION STATEMENT
Edition statement 5th
260 ## - PUBLICATION, DISTRIBUTION, ETC.
Place of publication, distribution, etc. London:
Name of publisher, distributor, etc. Pitman:
Date of publication, distribution, etc. 1955.
650 ## - SUBJECT ADDED ENTRY--TOPICAL TERM
Topical term or geographic name entry element Engineering Drawing
9 (RLIN) 73872
942 ## - ADDED ENTRY ELEMENTS (KOHA)
Source of classification or shelving scheme
Koha item type Book
Holdings
Withdrawn status Lost status Source of classification or shelving scheme Damaged status Not for loan Permanent Location Current Location Shelving location Date acquired Full call number Barcode Date last seen Price effective from Koha item type Public note Total Checkouts
          College of Electrical & Mechanical Engineering (CEME) College of Electrical & Mechanical Engineering (CEME) General Stacks 12/16/2025 604.2 PAR CEME-16798 11/08/2021 11/08/2021 Book 3.8  
          College of Electrical & Mechanical Engineering (CEME) College of Electrical & Mechanical Engineering (CEME) General Stacks 12/16/2025 604.2 PAR CEME-23577 12/16/2025 12/16/2025 Book 3.8  
          College of Electrical & Mechanical Engineering (CEME) College of Electrical & Mechanical Engineering (CEME) General Stacks 12/16/2025 604.2 PAR CEME-23577-A 12/16/2025 12/16/2025 Book 3.8  
© 2023 Central Library, National University of Sciences and Technology. All Rights Reserved.